Les meilleurs joueurs d'échecs en mai 2024 - Statistiques

Statistiques générales
  • Ce quiz a été pris 152 fois
  • Le résultat moyen est 7 sur 20
Statistiques - réponses
ELO JOUEUR % Correct
1 - 2830 Magnus Carlsen
98%
3 -2794 Hikaru Nakamura
79%
2 - 2805 Fabiano Caruana
77%
20 - 2732 Maxime Vachier-Lagrave
71%
16 - 2737 Alireza Firouzja
66%
7 - 2762 Ding Liren
57%
4 - 2770 Ian Nepomniachtchi
42%
9 - 2757 Wesley So
42%
15 - 2745 Anish Giri
37%
8 - 2761 Arjun Erigaisi
32%
6 - 2763 Gukesh Dommaraju
23%
5 - 2765 Nodirbek Abdusattorov
20%
11 - 2751 Viswanathan Anand
12%
17 - 2734 Shakhriyar Mamedyarov
9%
14 - 2747 Praggnanandhaa Rameshbabu
8%
18 - 2733 Jan-Krzysztof Duda
5%
13 - 2748 Leinier Dominguez Perez
5%
19 - 2732 Parham Maghsoodloo
5%
10 - 2755 Yi Wei
5%
12 - 2750 Sergey Karjakin
2%
Aucun quiz correspondant
Distribution des résultats
% des personnes avec chaque résultat
Percentile par nombre de réponses
Votre historique - résultats
Vous n’avez pas pris ce quiz